[Event "SVK-chT5 A22 2223"]
[Site "Slovakia"]
[Date "2023.03.18"]
[Round "9.2"]
[White "Prigoda, Lubos"]
[Black "Drahos, Miroslav"]
[Result "0-1"]
[WhiteElo "1391"]
[BlackElo "1684"]
[PlyCount "67"]
[EventDate "2022.10.15"]
[EventType "team-tourn"]
[EventRounds "9"]
[EventCountry "SVK"]
[SourceTitle "EXT 2024"]
[Source "ChessBase"]
[SourceDate "2023.10.10"]
[SourceVersion "1"]
[SourceVersionDate "2023.10.10"]
[SourceQuality "1"]
[WhiteTeam "Cifer IV"]
[BlackTeam "Trnava Lokomotiva III"]
[WhiteTeamCountry "SVK"]
[BlackTeamCountry "SVK"]

1. e4 e5 2. Nf3 Nc6 3. Bb5 f5 4. d3 fxe4 5. dxe4 Nf6 6. Bg5 Bc5 7. Bxc6 bxc6 8. 0-0 d6 9. h3 0-0 10. c3 Be6 11. Nbd2 Qd7 12. Kh2 Qf7 13. Be3 Bb6 14. Bxb6 axb6 15. Ng5 Qe7 16. Nxe6 Qxe6 17. f3 Rxa2 18. Rxa2 Qxa2 19. Qb3+ Qxb3 20. Nxb3 Ra8 21. Ra1 Rxa1 22. Nxa1 d5 23. exd5 cxd5 24. Nc2 Kf7 25. Kg3 Ke6 26. Ne3 c5 27. Kf2 b5 28. g4 g6 29. g5 Nd7 30. b3 d4 31. cxd4 exd4 32. Nc2 Kf5 33. h4 Ne5 34. Ke2 0-1

[Event "SVK-chT5 A22 2223"]
[Site "Slovakia"]
[Date "2023.02.04"]
[Round "6.2"]
[White "Boros, David"]
[Black "Prigoda, Lubos"]
[Result "1-0"]
[WhiteElo "1326"]
[BlackElo "1391"]
[PlyCount "55"]
[EventDate "2022.10.15"]
[EventType "team-tourn"]
[EventRounds "9"]
[EventCountry "SVK"]
[SourceTitle "EXT 2024"]
[Source "ChessBase"]
[SourceDate "2023.10.10"]
[SourceVersion "1"]
[SourceVersionDate "2023.10.10"]
[SourceQuality "1"]
[WhiteTeam "Dunajska Streda IV"]
[BlackTeam "Cifer IV"]
[WhiteTeamCountry "SVK"]
[BlackTeamCountry "SVK"]

1. e4 c5 2. Nf3 Nc6 3. d4 cxd4 4. Nxd4 Nf6 5. Nc3 a6 6. a4 e6 7. Bg5 h6 8. Bh4 Be7 9. Bc4 d5 10. exd5 exd5 11. Bb3 g5 12. Bg3 Bb4 13. Qe2+ Qe7 14. Qxe7+ Kxe7 15. 0-0-0 Bxc3 16. bxc3 Nxd4 17. Rxd4 Be6 18. Be5 Rhd8 19. f3 Rac8 20. Kb2 Rc5 21. Rhd1 Ne8 22. c4 Nc7 23. Bxc7 Rxc7 24. cxd5 Rcd7 25. g4 f5 26. Re1 fxg4 27. fxg4 Rd6 28. Rde4 1-0

[Event "SVK-chT3A2 2122"]
[Site "Slovakia"]
[Date "2022.02.27"]
[Round "10.6"]
[White "Prigoda, Lubos"]
[Black "Hrdlicka, Martin"]
[Result "0-1"]
[WhiteElo "1418"]
[BlackElo "1676"]
[PlyCount "76"]
[EventDate "2021.10.10"]
[EventType "team-tourn"]
[EventRounds "11"]
[EventCountry "SVK"]
[SourceTitle "EXT 2023"]
[Source "ChessBase"]
[SourceDate "2022.10.05"]
[SourceVersion "1"]
[SourceVersionDate "2022.10.05"]
[SourceQuality "1"]
[WhiteTeam "Cifer II"]
[BlackTeam "Senica CVC"]
[WhiteTeamCountry "SVK"]
[BlackTeamCountry "SVK"]

1. e4 e5 2. Nf3 Nc6 3. Bb5 a6 4. Ba4 Nf6 5. 0-0 d6 6. Re1 b5 7. Bb3 Na5 8. c3 Nxb3 9. Qxb3 Be6 10. Qd1 Be7 11. d4 exd4 12. cxd4 d5 13. e5 Ne4 14. Nc3 Nxc3 15. bxc3 Rc8 16. Bg5 Bxg5 17. Nxg5 Qxg5 18. Re3 h5 19. h3 h4 20. Qe2 0-0 21. Rf1 Bf5 22. f4 Qg6 23. Kh2 c5 24. g4 hxg3+ 25. Rxg3 Qh6 26. Rfg1 g6 27. Qe3 cxd4 28. cxd4 Rc2+ 29. R1g2 Rfc8 30. Rxc2 Rxc2+ 31. Rg2 Rxg2+ 32. Kxg2 Be4+ 33. Kh2 Qh5 34. Qf2 Qf3 35. Qxf3 Bxf3 36. Kg3 Be4 37. Kf2 b4 38. Ke1 Bb1 0-1

[Event "SVK-chT3A2 1819"]
[Site "Slovakia"]
[Date "2019.03.10"]
[Round "10.3"]
[White "Prigoda, Lubos"]
[Black "Skreko, Igor1111"]
[Result "0-1"]
[WhiteElo "1514"]
[BlackElo "1547"]
[PlyCount "88"]
[EventDate "2018.10.07"]
[EventType "team-tourn"]
[EventRounds "11"]
[EventCountry "SVK"]
[SourceTitle "EXT 2020"]
[Source "ChessBase"]
[SourceDate "2019.10.17"]
[SourceVersion "1"]
[SourceVersionDate "2019.10.17"]
[SourceQuality "1"]
[WhiteTeam "Cifer"]
[BlackTeam "Modranka Komplet"]
[WhiteTeamCountry "SVK"]
[BlackTeamCountry "SVK"]

1. e4 c5 2. Nf3 d6 3. d4 cxd4 4. Nxd4 Nf6 5. f3 a6 6. Be3 e6 7. c4 Be7 8. Be2 Qc7 9. h3 Nc6 10. Nc3 Bd7 11. 0-0 Rc8 12. Qd2 Na5 13. b3 e5 14. Nf5 Bxf5 15. exf5 b5 16. Nd5 Nxd5 17. cxd5 Nb7 18. Rac1 Qd7 19. Rxc8+ Qxc8 20. g4 0-0 21. Rc1 Qd7 22. Rc6 Ra8 23. Qc2 Bd8 24. Bb6 Bxb6+ 25. Rxb6 Rc8 26. Rc6 Rb8 27. Rxa6 Nc5 28. Rc6 b4 29. Qd2 Qd8 30. Kg2 Rb6 31. Rxb6 Qxb6 32. Qc2 Qb7 33. Qc4 Kf8 34. Qb5 Qxb5 35. Bxb5 Ke7 36. Kf2 Kf6 37. h4 e4 38. f4 h5 39. g5+ Kxf5 40. Be2 Nd3+ 41. Bxd3 exd3 42. Ke3 Kg4 43. Kxd3 Kxh4 44. Ke3 Kg3 0-1

[Event "SVK-chT4 A22 1718"]
[Site "Slovakia"]
[Date "2017.11.26"]
[Round "5.4"]
[White "Ivan, Imrich1111"]
[Black "Prigoda, Lubos"]
[Result "1-0"]
[WhiteElo "1806"]
[BlackElo "1541"]
[PlyCount "95"]
[EventDate "2017.10.01"]
[EventType "team-tourn"]
[EventRounds "11"]
[EventCountry "SVK"]
[SourceTitle "EXT 2020"]
[Source "ChessBase"]
[SourceDate "2019.10.17"]
[SourceVersion "1"]
[SourceVersionDate "2019.10.17"]
[SourceQuality "1"]

1. e4 c5 2. Nf3 Nc6 3. d4 cxd4 4. Nxd4 e6 5. a3 d5 6. Nxc6 bxc6 7. exd5 cxd5 8. Bb5+ Bd7 9. Bxd7+ Qxd7 10. 0-0 Nf6 11. Nc3 Be7 12. Bg5 h6 13. Bh4 0-0 14. Re1 Qb7 15. Rb1 Rac8 16. Qf3 g5 17. Bg3 Qc6 18. Be5 Nd7 19. Bd4 f6 20. Nxd5 Rf7 21. Nxe7+ Rxe7 22. Qxc6 Rxc6 23. Bxa7 Nf8 24. Bd4 e5 25. Bc3 Rcc7 26. Red1 Rcd7 27. Rxd7 Rxd7 28. Kf1 Ne6 29. g3 Nc5 30. f3 Na4 31. Bb4 Nb6 32. b3 Kf7 33. Ke2 Nd5 34. Rd1 Ke6 35. Bd2 h5 36. c4 Ne7 37. Bb4 Rxd1 38. Kxd1 Nc6 39. Bc3 f5 40. b4 g4 41. fxg4 hxg4 42. b5 Nb8 43. c5 Kd5 44. c6 Nxc6 45. bxc6 Kxc6 46. Bxe5 Kd5 47. Bb8 Kd4 48. Ke2 1-0

[Event "SVK-chT4 A22 1718"]
[Site "Slovakia"]
[Date "2017.10.01"]
[Round "1.2"]
[White "Rendek, Jozef"]
[Black "Prigoda, Lubos"]
[Result "1-0"]
[WhiteElo "1518"]
[BlackElo "1541"]
[PlyCount "83"]
[EventDate "2017.10.01"]
[EventType "team-tourn"]
[EventRounds "11"]
[EventCountry "SVK"]
[SourceTitle "EXT 2020"]
[Source "ChessBase"]
[SourceDate "2019.10.17"]
[SourceVersion "1"]
[SourceVersionDate "2019.10.17"]
[SourceQuality "1"]

1. e4 c5 2. Nf3 Nc6 3. Bc4 e6 4. Nc3 Be7 5. 0-0 a6 6. a3 b5 7. Ba2 Qc7 8. d4 cxd4 9. Nxd4 Bb7 10. Nxc6 dxc6 11. Qg4 g6 12. Bf4 e5 13. Bg3 Nf6 14. Qe2 Nh5 15. Qf3 f6 16. Ne2 Nxg3 17. Nxg3 0-0-0 18. c4 Rd2 19. cxb5 axb5 20. b4 Rhd8 21. Be6+ Kb8 22. Rad1 R8d3 23. Qxd3 Rxd3 24. Rxd3 Qb6 25. Rd7 Bd8 26. Rfd1 Bc7 27. Rxh7 Ka7 28. Rdd7 Kb8 29. Rxc7 Qxc7 30. Rxc7 Kxc7 31. Bf7 g5 32. Nh5 Kd7 33. Bb3 Ke7 34. Kf1 Bc8 35. f3 Bd7 36. Ke2 Be8 37. Ng3 Bd7 38. Nf5+ Bxf5 39. exf5 Kd6 40. g3 c5 41. bxc5+ Kxc5 42. Kd3 1-0

[Event "SVK-chT3A2 1617"]
[Site "Slovakia"]
[Date "2017.01.08"]
[Round "6.5"]
[White "Prigoda, Lubos"]
[Black "Slaba, Andrea"]
[Result "0-1"]
[WhiteElo "1476"]
[BlackElo "1759"]
[PlyCount "56"]
[EventDate "2016.10.16"]
[EventType "team-tourn"]
[EventRounds "11"]
[EventCountry "SVK"]
[SourceTitle "EXT 2020"]
[Source "ChessBase"]
[SourceDate "2019.10.17"]
[SourceVersion "1"]
[SourceVersionDate "2019.10.17"]
[SourceQuality "1"]
[WhiteTeam "Cifer"]
[BlackTeam "Piestany Kupele"]
[WhiteTeamCountry "SVK"]
[BlackTeamCountry "SVK"]

1. e4 e6 2. d4 d5 3. exd5 exd5 4. Nf3 Bd6 5. g3 Nc6 6. c3 Bg4 7. Bg2 Qd7 8. 0-0 0-0-0 9. a4 f6 10. b4 g5 11. b5 Na5 12. Ba3 Bxa3 13. Nxa3 h5 14. Qd2 Bh3 15. Rab1 Bxg2 16. Kxg2 h4 17. Rh1 h3+ 18. Kf1 Qf5 19. Qd1 Nh6 20. Ng1 Ng4 21. Qf3 Qd7 22. Re1 f5 23. Re2 Rdf8 24. Ke1 Qd6 25. Nc2 Nc4 26. Ne3 Ncxe3 27. fxe3 Qa3 28. Qxd5 Qc1# 0-1

[Event "SVK-chT4 A22 1516"]
[Site "Slovakia"]
[Date "2015.12.13"]
[Round "5.6"]
[White "Prigoda, Lubos"]
[Black "Rau, Vladimir"]
[Result "0-1"]
[WhiteElo "1322"]
[BlackElo "1508"]
[PlyCount "27"]
[EventDate "2015.10.04"]
[EventType "team-tourn"]
[EventRounds "11"]
[EventCountry "SVK"]
[SourceTitle "EXT 2020"]
[Source "ChessBase"]
[SourceDate "2019.10.17"]
[SourceVersion "1"]
[SourceVersionDate "2019.10.17"]
[SourceQuality "1"]

1. e4 c6 2. Nf3 d5 3. exd5 cxd5 4. d4 Bf5 5. Bd3 Nf6 6. h3 e6 7. c3 Bd6 8. Nbd2 Nbd7 9. Nh4 Be4 10. Nxe4 Nxe4 11. Nf3 Qc7 12. Nd2 Ndf6 13. Qa4+ Ke7 14. Bb5 0-1

[Event "SVK-chT4 A22 1415"]
[Site "Slovakia"]
[Date "2014.11.09"]
[Round "3.5"]
[White "Husveth, Juraj"]
[Black "Prigoda, Lubos"]
[Result "0-1"]
[WhiteElo "1268"]
[BlackElo "1335"]
[PlyCount "96"]
[EventDate "2014.10.12"]
[EventType "team-tourn"]
[EventRounds "11"]
[EventCountry "SVK"]
[SourceTitle "EXT 2019"]
[Source "ChessBase"]
[SourceDate "2018.10.10"]
[SourceVersion "1"]
[SourceVersionDate "2018.10.10"]
[SourceQuality "1"]

1. e4 c5 2. Nf3 d6 3. Bc4 Nf6 4. d3 g6 5. a4 Bg7 6. Nbd2 0-0 7. 0-0 Nc6 8. c3 Qc7 9. d4 cxd4 10. cxd4 Bg4 11. Qe2 Rac8 12. Qd3 Rfd8 13. d5 Ne5 14. Nxe5 dxe5 15. b3 e6 16. Bb2 exd5 17. exd5 Bf5 18. Qg3 Nxd5 19. Nf3 e4 20. Qxc7 Rxc7 21. Bxg7 Kxg7 22. Nh4 Be6 23. Rfd1 Rcd7 24. g3 Bg4 25. Re1 f5 26. Bxd5 Rxd5 27. Kg2 g5 28. h3 Bh5 29. Nxf5+ Rxf5 30. g4 Bxg4 31. hxg4 Rf4 32. Rad1 Rxg4+ 33. Kh3 Rxd1 34. Rxd1 Rf4 35. Kg3 Kg6 36. Rd6+ Rf6 37. Rd4 Rf3+ 38. Kg2 Rxb3 39. Rxe4 Kh5 40. f3 a5 41. Kg3 Rb4 42. Re7 h6 43. Re4 Rxe4 44. fxe4 Kg6 45. Kg4 h5+ 46. Kf3 Kf6 47. Ke3 Ke5 48. Kf3 h4 0-1

[Event "SVK-chT3A2 0809"]
[Site "Slovakia"]
[Date "2009.03.29"]
[Round "11.7"]
[White "Gajarsky, Julius"]
[Black "Prigoda, Lubos"]
[Result "1-0"]
[WhiteElo "1807"]
[BlackElo "1435"]
[PlyCount "63"]
[EventDate "2008.10.19"]
[EventType "team-tourn"]
[EventRounds "11"]
[EventCountry "SVK"]
[SourceTitle "EXT 2010"]
[Source "ChessBase"]
[SourceDate "2010.11.25"]
[SourceVersion "1"]
[SourceVersionDate "2010.11.25"]
[SourceQuality "1"]
[WhiteTeam "Trnava Modranka"]
[BlackTeam "Cifer"]
[WhiteTeamCountry "SVK"]
[BlackTeamCountry "SVK"]

1. d4 Nf6 2. c4 e6 3. Nc3 d5 4. Nf3 Nc6 5. e3 Be7 6. Be2 0-0 7. 0-0 b6 8. a3 Bb7 9. b4 a6 10. Qc2 Rc8 11. Rd1 Nb8 12. c5 Nbd7 13. Bd3 Re8 14. Bb2 Nf8 15. Ne5 c6 16. f4 a5 17. Qf2 Ne4 18. Nxe4 dxe4 19. Bxe4 f6 20. Nf3 Qc7 21. g4 Red8 22. Kh1 Rd7 23. f5 Rcd8 24. fxe6 Nxe6 25. Bf5 Kf7 26. Rf1 axb4 27. axb4 bxc5 28. Bxe6+ Kxe6 29. Ng5+ Kd5 30. Qf5+ Kc4 31. Ne6 Qd6 32. Rfc1+ 1-0